[Event "12° WEEK END "]
[Site "SAN SEVERINO MARCHE ITA"]
[Date "2010.09.03"]
[Round "1"]
[White "GIANFELICI, Edoardo"]
[Black "LUZI, Alessandro"]
[Result "1-0"]
[WhiteElo "2047"]
[BlackElo "1909"]
[PlyCount "81"]
[EventDate "2010.09.03"]

1. d4 Nf6 2. c4 g6 3. f3 Bg7 4. e4 d6 5. Nc3 O-O 6. Bg5 h6 7. Be3 e5 8. Nge2
Nc6 9. d5 Ne7 10. Qd2 Kh7 11. O-O-O a5 12. g4 Nd7 13. Ng3 Nb6 14. Bd3 c6 15. h4
Qc7 16. Kb1 Nd7 17. h5 g5 18. Nf5 Nxf5 19. exf5 Nf6 20. Ne4 cxd5 21. cxd5 Bd7
22. Bxg5 Nxe4 23. f6 hxg5 24. Bxe4+ Kh6 25. fxg7 Rg8 26. Rc1 Qb6 27. Rc3 Rac8
28. Rhc1 Rxc3 29. Qxc3 Kxg7 30. Qc7 Qxc7 31. Rxc7 Bc8 32. h6+ Kf6 33. h7 Rd8
34. Kc2 b5 35. Ra7 a4 36. Kc3 Kg7 37. Ra8 Re8 38. Ra7 Rd8 39. Kb4 Rd7 40. Ra8
Rc7 41. Bf5 1-0

[Event "12° WEEK END "]
[Site "SAN SEVERINO MARCHE ITA"]
[Date "2010.09.03"]
[Round "1"]
[White "GIAMPIERI, Stefano"]
[Black "SPADA, Angelo"]
[Result "0-1"]
[WhiteElo "1859"]
[BlackElo "2046"]
[PlyCount "94"]
[EventDate "2010.09.03"]

1. d4 e6 2. c4 f5 3. Nc3 d5 4. Bf4 Nf6 5. Nf3 c6 6. e3 Be7 7. Bd3 O-O 8. Ne5
Ne4 9. h4 Nd7 10. h5 Bg5 11. Bxe4 Bxf4 12. exf4 fxe4 13. Qg4 Rf5 14. h6 Qf6 15.
g3 Nxe5 16. fxe5 Qg6 17. Qxg6 hxg6 18. hxg7 Kxg7 19. c5 Bd7 20. Rh2 b6 21. Ke2
bxc5 22. Rah1 Rh5 23. Rxh5 gxh5 24. dxc5 Kg6 25. a3 Rf8 26. Ke3 Rf3+ 27. Ke2
Bc8 28. Rh2 Ba6+ 29. Kd2 Bd3 30. Nd1 d4 31. Rh4 Rf5 32. f4 Bc4 33. Rh1 Rf7 34.
Kc1 Be2 35. Re1 Bf3 36. Nf2 Kf5 37. b4 Rg7 38. Rg1 h4 39. g4+ Kxf4 40. Nh3+
Kxe5 41. g5 e3 42. Kc2 Be4+ 43. Kd1 d3 44. Ke1 a5 45. b5 cxb5 46. g6 Bxg6 47.
c6 Bh5 0-1

[Event "12° WEEK END "]
[Site "SAN SEVERINO MARCHE ITA"]
[Date "2010.09.03"]
[Round "1"]
[White "GRAZIANI, Claudio"]
[Black "CARDONA, Alberto"]
[Result "1-0"]
[WhiteElo "2000"]
[BlackElo "1805"]
[PlyCount "75"]
[EventDate "2010.09.03"]

1. d4 Nf6 2. Nf3 g6 3. Bf4 Bg7 4. e3 d6 5. h3 O-O 6. Be2 Nbd7 7. O-O Nh5 8. Bh2
e5 9. Nbd2 exd4 10. Nxd4 Nhf6 11. c4 Nc5 12. b4 Ne6 13. N2b3 Ne8 14. Rc1 c6 15.
a4 a6 16. Qc2 Qe7 17. Rfe1 N8c7 18. c5 dxc5 19. bxc5 Rd8 20. Bd6 Qf6 21. Red1
Ne8 22. Bg3 h5 23. Nf3 Qe7 24. Ne5 Nf8 25. Nc4 Bf5 26. Qa2 h4 27. Bh2 Bh6 28.
Nd4 Rxd4 29. Rxd4 Ne6 30. Rdd1 Ng5 31. Nd6 Nxd6 32. cxd6 Qd7 33. Qc4 Be4 34.
Bg4 Qd8 35. d7 Bd5 36. Rxd5 cxd5 37. Qxd5 Nh7 38. Rc8 1-0

[Event "12° WEEK END "]
[Site "SAN SEVERINO MARCHE ITA"]
[Date "2010.09.03"]
[Round "1"]
[White "OKINCZYC, Alessandro"]
[Black "BRIFFAULT, Philippe"]
[Result "0-1"]
[WhiteElo "1713"]
[BlackElo "1967"]
[PlyCount "42"]
[EventDate "2010.09.03"]

1. Nf3 Nf6 2. g3 g6 3. Bg2 Bg7 4. O-O O-O 5. d3 d6 6. Nbd2 e5 7. e4 c6 8. Nc4
h6 9. Bd2 Re8 10. Bc3 a5 11. Qd2 b6 12. h3 Be6 13. b3 Qc7 14. Nh4 Nh5 15. Kh2
d5 16. exd5 cxd5 17. Ne3 d4 18. Nd5 Bxd5 19. Bxd5 dxc3 20. Qe3 Nc6 21. Qe4 Nf6
0-1

[Event "12° WEEK END "]
[Site "SAN SEVERINO MARCHE ITA"]
[Date "2010.09.03"]
[Round "1"]
[White "GUGLIELMI, Dante"]
[Black "RENZETTI, Leonardo"]
[Result "0-1"]
[WhiteElo "1912"]
[BlackElo "1443"]
[PlyCount "112"]
[EventDate "2010.09.03"]

1. c4 Nf6 2. Nc3 g6 3. g3 Bg7 4. Bg2 O-O 5. e3 d6 6. Nge2 e5 7. O-O Bd7 8. d4
Bc6 9. d5 Bd7 10. b4 Qc8 11. Re1 Bh3 12. Bh1 Ne8 13. Ne4 f5 14. Ng5 e4 15. Rb1
Bg4 16. Ne6 Rf7 17. Nxg7 Rxg7 18. Qd4 Bxe2 19. Rxe2 Nd7 20. Bb2 Nef6 21. c5
dxc5 22. bxc5 Rf7 23. Rc1 b6 24. Ba3 Qa6 25. Bb2 Qxe2 26. Bg2 Qa6 27. Bf1 Qc8
28. d6 bxc5 29. Qc3 cxd6 30. Bc4 d5 31. Bxd5 Rb8 32. Ba1 Rb6 33. Rd1 Kg7 34.
Bc4 Re7 35. a4 Qb8 36. Kg2 Rd6 37. Rc1 Qb4 38. Qc2 Rd2 39. Qc3 Qxc3 40. Bxc3
Rd6 41. a5 Ne5 42. Be2 Nd3 43. Rb1 Kf7 44. Bd1 Nd5 45. Bb3 Kf8 46. Bxd5 Rxd5
47. Rb8+ Kf7 48. Rh8 Ke6 49. Rf8 Kd7 50. Bf6 Re6 51. Bg5 Kc6 52. Rc8+ Kb5 53.
Rc7 Kxa5 54. Rxa7+ Kb6 55. Rxh7 c4 56. Rh8 c3 0-1